| 000 | 01220nam0a2200313 4500 | ||
|---|---|---|---|
| 001 | RU\NLR\bibl\1874758 | ||
| 005 | 20250616191615.0 | ||
| 010 |
_a978-5-9903405-1-0 _91000 |
||
| 021 |
_aRU _b2012-8343 _9616 |
||
| 035 | _a(NLR Aleph) 001864568 | ||
| 090 |
_a2577593 _c2577593 |
||
| 100 | _a20120227d2012 |||y0rusy50 ca | ||
| 101 | 0 | _arus | |
| 102 | _aRU | ||
| 105 | _ay ||||||||| | ||
| 200 | 1 |
_aЗдравствуйте, я Бог _eсборник рассказов _fАлик Смехов |
|
| 210 |
_aСочи _cТворческая Мастерская Олега Шайдурова _d2012 |
||
| 215 |
_a413, [1] с. _d17 |
||
| 225 | 1 | _aПосле прочтения сжечь! | |
| 327 | 0 | _aСодерж.: Мой белый день; Мой черный день; Москва; День выборов; Демократия под угрозой; Три богатыря; Пс; Куртуазность; Выпуск новостей; Подруги [и др.] | |
| 686 | _aШ6(2=Р)8-440.5 | ||
| 700 | 1 |
_aСмехов _bА. _gАлик _4070 |
|
| 801 | 0 |
_aRU _bNLR _c20120227 _gRCR |
|
| 801 | 1 |
_aRU _bNLR _c20120227 |
|
| 942 | _cBOOK | ||
| 980 | _aNB | ||
| 980 | _aNBR | ||